00846nam a22001337a 4500008004100000050000800041245012100049260003600170300002600206440009600232500002000328505034700348700001700695190726b xxu||||| |||| 00| 0 eng d aREF aGhana Monthly Judgements: law report of Superior Courts of Ghana: November, 2018: part 126. /cedited by Kwame Gyan. aAccra:bLegalpoint Ltd.,c2018. axix, 254 p. :c23 cm. aGhana Monthly Judgements: law report of Superior Courts of Ghana: November, 2018: part 126. aIncludes index. aContents: Citation -- Index of cases reported -- Index of Ghanaian cases referred to in this report -- Index of foreign cases referred to in this report -- Index of statutes referred to in this report -- Monographs referred to in this report -- Rules of court referred to in this report -- Index of subject-matter referred to in this report.  aGyan, Kwame.